MARC

LEADER 00000nam0a2200000 4500
001 187947
005 20231031174448.0
035 |a (RuTPU)RU\TPU\book\203951 
090 |a 187947 
100 |a 20101125d1974 km y0rusy50 ca 
101 0 |a rus 
102 |a RU 
105 |a a z 001zy 
200 1 |a Проблема группового выбора  |f Б. Г. Миркин 
210 |a Москва  |c Наука  |d 1974 
215 |a 256 с.  |c ил. 
320 |a Библиогр.: с. 245-254. 
320 |a Предметный указатель: с. 255-256. 
610 1 |a математика 
610 1 |a математическая статистика 
610 1 |a групповые выборки 
610 1 |a принятие решений 
610 1 |a предпочтения 
610 1 |a экспертное оценивание 
610 1 |a согласование 
610 1 |a социальный выбор 
610 1 |a правило большинства 
675 |a 519.2  |v 3 
700 1 |a Миркин  |b Б. Г.  |g Борис Григорьевич 
801 1 |a RU  |b 63413507  |c 20101125 
801 2 |a RU  |b 63413507  |c 20110418  |g RCR 
942 |c BK